000 00342nam a2200157Ia 4500
100 _aRubinger/Andrew Lee
650 _aJava Beans
942 _cBK
366 _f20
245 _aEnterprise Java Beans 3.1
260 _bShroff Publishers
_c2010
082 _a005.133'
_bRUB
300 _a738
546 _aENGLISH
_cComputers
999 _c18646
_d18646